| 000 | 00622nam a2200193Ia 4500 | ||
|---|---|---|---|
| 003 | GCL | ||
| 005 | 20240530103210.0 | ||
| 008 | 140319s9999 xx 000 0 ara d | ||
| 040 |
_aGCL / _cGCL |
||
| 082 | 0 | 4 |
_a345.02 _bم و |
| 100 | 1 | _aمعوض عبدالتواب | |
| 245 | 1 | 0 |
_aالوسيط فى شرح جرائم التخريب والاتلاف والحريق / _cمعوض عبدالتواب |
| 260 |
_a[S.N] : _bدار المطبوعات الجامعية ، _c1989 |
||
| 300 | _a290 ص | ||
| 650 | 0 | 4 | _aالقانون الجنائى |
| 650 | 0 | 4 | _aالقانون |
| 650 | 0 | 4 | _aالجنايات |
| 942 |
_2ddc _cBK |
||
| 999 |
_c37505 _d37505 |
||